Dei V por álbumes - Statistics

General Stats
  • This quiz has been taken 90 times
  • The average score is 20 of 37
Answer Stats
Answer % Correct
Quién es Dei V?
93%
Amber
84%
Toa
82%
Lolly
74%
PERREO LENTO
74%
David
70%
Quiere
70%
BAD BOY (ft. Anuel AA & Ozuna)
69%
Narcotics
66%
Rápido
64%
Dame Lu
62%
Sirena
62%
$DOLLAR$
61%
Loco
61%
X2
61%
BARBIE
59%
Flavor Spicy
57%
Hot
56%
Maña
56%
PPV
52%
Fast N Furious
51%
Ticke
51%
Bellac@
49%
Clima
49%
Trending Remix (ft. Myke Towers)
49%
Yin Yang
49%
VNKLF
46%
Martini
44%
ME VA KABRXXN (ft. Kendo Kaponi)
44%
Mueve el QLO
36%
Suerte
28%
Pablo & Chapo
26%
Gang Shit
23%
Puesto Pal Ticket
21%
Se Lo Que Quieres
21%
Se Contradice
20%
Corazon Frio
16%
No matching quizzes found
Score Distribution
Percent of People with Each Score
Percentile by Number Answered
Your Score History
You have not taken this quiz